| 000 | 00891nam a2200229 a 4500 | ||
|---|---|---|---|
| 001 | 152 | ||
| 003 | BD-RjUL | ||
| 005 | 20211208233125.0 | ||
| 008 | 131109s2002 bg | |||| 00| 0 ben d | ||
| 020 |
_a9844583896: _cTk. 100.00 |
||
| 035 | _a(BD-RjUL)165 | ||
| 040 |
_aBD-RjUL _bben _cBD-RjUL |
||
| 041 | _aben | ||
| 082 | 4 |
_223 _a954.924 _bALV 2002 |
|
| 100 | 1 | 0 |
_aআলী, এ কে এম ইয়াকুব _9492 |
| 245 | 0 | 0 |
_aবরেন্দ্র অঞ্চলে মুসলিম ইতিহাস-ঐতিহ্য / _cএ কে এম ইয়াকুব আলী |
| 260 |
_aঢাকা : _bসময় প্রকাশন, _c২০০২. |
||
| 300 |
_a১৫৭পৃ.: _bচিত্র ; _c১৮ সেমি. |
||
| 650 |
_aমুসলিম ইতিহাস _zবাংলাদেশ _9494 |
||
| 650 |
_aMuslim History _zBangladesh _9493 |
||
| 942 |
_2ddc _cBK |
||
| 999 |
_c152 _d152 |
||